000 00247nam a2200097Ia 4500
001 680008
005 20250826161333.0
008 250824s9999 xx 000 0 und d
245 0 _aDEDE KORKUT HİKAYELERİ
_cHASAN SELİM HACIOĞLU
260 _bİSKELE
999 _c680008
_d680008